000 00288nam a2200133Ia 4500
100 _aLowenberg/E.C
942 _cBK
654 _aelectronic
245 _aElectronic Circuits
260 _bMcGraw Hill
_aSingapore
_c1983
082 _a621.38153
_bLOW
300 _a274
546 _aENGLISH
999 _c29961
_d29961